000 00944nam a22002297a 4500
005 20240530110600.0
008 160329s2012 ua a g 000 0 ara d
017 _a2012/19592
_bمصر . دار الكتب المصرية
020 _a9789774280344
040 _aEG-CaGPL
082 0 4 _221
_a306\
_bم ع
100 0 _aمروة صلاح الدين عبدالله .
245 1 0 _aعلم اجتماع ما بعد الحداثة :
_bرؤى نظرية و مقاربات منهجية /
_cمروة صلاح الدين عبدالله ؛ تقديم احمد مجدى حجازى .
250 _aط1.
260 _aالقاهرة :
_bمصر العربية للنشر و التوزيع ،
_c2013 .
300 _a303 ص ؛
_c24 سم .
650 0 4 _aالاجتماع ، علم .
650 0 4 _aما بعد الحداثة .
700 0 _aاحمد مجدى حجازى
_eمقدم .
942 _2ddc
_cBK
999 _c62650
_d62650